Restrictive covenants (Record no. 69040)

MARC details
000 -LEADER
fixed length control field 01154cam a2200217 4500
001 - CONTROL NUMBER
control field WB3746-05
008 - FIXED-LENGTH DATA ELEMENTS--GENERAL INFORMATION
fixed length control field 011206n2001 000 0 eng u
035 ## - SYSTEM CONTROL NUMBER
System control number (Sirsi) u115893
245 ## - TITLE STATEMENT
Title Restrictive covenants
260 ## - PUBLICATION, DISTRIBUTION, ETC.
Date of publication, distribution, etc. 2001
490 ## - SERIES STATEMENT
Series statement Estates Gazette
Volume/sequential designation [2001] 48 EG 130 CS (1/12/01)
520 ## - SUMMARY, ETC.
Summary, etc. "Whitgift Homes and others v Stocks and others", CA 21 November 2001. Defendant (W) appealed against HC decision enforcing restrictive covenants on the grounds that mutually enforceable covenants were annexed to the land. CA upheld the annexation issue but ruled that that building scheme did not apply to the whole estate. Appeal allowed in part. Full copy of judgment available on http://porch.ccta.gov.uk/courtser/judgements.nsf/Search/CCF5F22DED294C1280256B12003AF8D2?OpenDocument.
590 ## - LOCAL NOTE (RLIN)
Local note WB
650 ## - SUBJECT ADDED ENTRY--TOPICAL TERM
Topical term or geographic name entry element WHITGIFT HOMES V STOCKS
650 ## - SUBJECT ADDED ENTRY--TOPICAL TERM
Topical term or geographic name entry element RESTRICTIVE COVENANT
650 ## - SUBJECT ADDED ENTRY--TOPICAL TERM
Topical term or geographic name entry element FEDERATED HOMES LTD V MILL LODGE PROPERTIES LTD
650 ## - SUBJECT ADDED ENTRY--TOPICAL TERM
Topical term or geographic name entry element LAW OF PROPERTY ACT 1925
690 ## - LOCAL SUBJECT ADDED ENTRY--TOPICAL TERM (OCLC, RLIN)
Topical term or geographic name as entry element PROPERTY
856 ## - ELECTRONIC LOCATION AND ACCESS
Uniform Resource Identifier <a href="https://porch.ccta.gov.uk/courtser/judgements.nsf/Search/CCF5F22DED294C1280256B12003AF8D2?OpenDocument">https://porch.ccta.gov.uk/courtser/judgements.nsf/Search/CCF5F22DED294C1280256B12003AF8D2?OpenDocument</a>
942 ## - ADDED ENTRY ELEMENTS (KOHA)
Suppress in OPAC 0
Holdings
Withdrawn status Lost status Source of classification or shelving scheme Damaged status Not for loan Home library Current library Shelving location Date acquired Total Checkouts Full call number Barcode Date last seen Copy number Price effective from Koha item type
    Dewey Decimal Classification     London London News article 06/12/2001   WB3746-05 115893-1001 06/08/2019 1 06/08/2019 Law report